00360nam a22001337a 4500003000400000020001800004082001700022100003300039245005300072260002700125300000800152650001300160653005300173SGT a9789392544262 a615.53bB24A aACHARYA, VAIDYA. RABINARAYAN aBOTANICAL BIODIVERSITY OF ETHNO- MEDICINAL VALUE aNEW DELHIbCCRASc2024 a343 aAYURVEDA aBOTANICAL, BIODIVERSITY, ETHNO, MEDICINAL, VALUE